000 00996nam a2200217 i 4500
001 81842
003 ES-MaACL
005 20231227193958.0
007 t|
008 041108s1956 sp ||||1| spa d
100 1 _aIbáñez Martín, José,
_d1896-1969
_964934
245 1 0 _aAlgunos aspectos de la escultura del Renacimiento en Aragón en la primera mitad del siglo XVI
_b: Gabriel Yoly, su vida y su obra /
_cdiscurso académico [de] José Ibáñez Martínez y contestación [de] Juan Contreras Marqués de Lozoya.
260 _aMadrid :
_b[s.n.,
_c1956] (
_fBlass)
300 _a52 p., 4 lám. ;
_c31 cm.
500 _aPrecede al tít.: Instituto de España. Real Academia de Bellas Artes de San Fernando.
700 1 _aLozoya, Juan de Contreras y López de Ayala,
_cMarqués de,
_d1893-1978
_9129112
710 2 _aInstituto de España.
_94873
710 2 _aReal Academia de Bellas Artes de San Fernando.
_96291
852 _aES-MaACL
_jC-10737
_bR.38406
999 _c81842
_d81842